000 00452ntaaa2200181 4500
003 01
005 20251027202407.0
008 0714s1973 ag 01
040 _aAR-BaBN
_bspa
_cAR-BaBN
_eaacr
_dRIC
082 _a284.0900 N53
100 _aNichols, James Hastings
_912857
245 _aPrimer for protestants
250 _a1 ed.
260 _aNew York :
_bAssociation Press,
_cc1947
300 _a151 p
650 _aprotestantismo
_9315
942 _cBK
999 _c18835
_d18835